Martí a flor de labios / (Registro nro. 36553)
[ vista simple ]
| 000 -CABECERA | |
|---|---|
| campo de control de longitud fija | 00413nam a2200145 a 4500 |
| 001 - NÚMERO DE CONTROL | |
| campo de control | 000037063 |
| 005 - FECHA Y HORA DE LA ÚLTIMA TRANSACCIÓN | |
| campo de control | 20200930080122.0 |
| 008 - DATOS DE LONGITUD FIJA--INFORMACIÓN GENERAL | |
| campo de control de longitud fija | 120209s1991 cu 000 0 spa d |
| 040 ## - FUENTE DE LA CATALOGACIÓN | |
| Centro catalogador/agencia de origen | DO-SdBNP |
| Lengua de catalogación | spa |
| Centro/agencia transcriptor | BNPHU |
| 082 ## - NÚMERO DE LA CLASIFICACIÓN DECIMAL DEWEY | |
| Número de clasificación | xxxx |
| Número de documento/Ítem | E74M |
| 100 1# - ENTRADA PRINCIPAL--NOMBRE DE PERSONA | |
| Nombre de persona | Escobar, Froilán |
| 9 (RLIN) | 63473 |
| 245 10 - MENCIÓN DE TÍTULO | |
| Título | Martí a flor de labios / |
| Mención de responsabilidad, etc. | Froilán Escobar. |
| 260 ## - PUBLICACIÓN, DISTRIBUCIÓN, ETC. | |
| Lugar de publicación, distribución, etc. | La Habana : |
| Nombre del editor, distribuidor, etc. | Política, |
| Fecha de publicación, distribución, etc. | 1991. |
| 300 ## - DESCRIPCIÓN FÍSICA | |
| Extensión | 177 p. : |
| Otras características físicas | ils. ; |
| Dimensiones | 20 cm. |
| Estado de retiro | Estado de pérdida | Restricciones de uso | No para préstamo | Código de colección | Localización permanente | Ubicación/localización actual | Ubicación en estantería | Fecha de adquisición | Número de inventario | Total de préstamos | Signatura topográfica completa | Código de barras | Fecha visto por última vez | Precio válido a partir de | Tipo de ítem Koha | Número de copia |
|---|---|---|---|---|---|---|---|---|---|---|---|---|---|---|---|---|
| Excluido de préstamo | Monografías: Libros y Folletos | General | General | En catalogación | 09.02.2012 | LF1 | xxxx E74M | 37063-10 | 25.06.2020 | 25.06.2020 | No se presta | |||||
| Excluido de préstamo | Monografías: Libros y Folletos | General | General | En catalogación | 02.04.2012 | LF1 | xxxx E74M | 37063-20 | 25.06.2020 | 25.06.2020 | No se presta | e. 2 |
